| 000 | 00363 a2200145 4500 | ||
|---|---|---|---|
| 005 | 20250628135756.0 | ||
| 020 | _a0-15-511282-1 | ||
| 082 | _a150 RAT | ||
| 100 | _aRATHUS, S. | ||
| 245 | _aPsychology in the New Millennium | ||
| 250 | _a8th Ed. | ||
| 260 |
_aNew York, _bThomson, _c2002. |
||
| 300 |
_axxiiv, 587p.; ill.; figure, picture _c26cm |
||
| 942 |
_2ddc _cBKS |
||
| 999 |
_c6042 _d6042 |
||